| 000 | 01177cam a2200229 4500 | ||
|---|---|---|---|
| 001 | ABS63712 | ||
| 008 | 000000n2001 000 0 eng u | ||
| 035 | _a(Sirsi) u111488 | ||
| 245 | _aIs there a future for multiple listing of properties? | ||
| 260 | _c2001 | ||
| 490 |
_aEstate Agency News _v(165)March 2001, 25(1) |
||
| 520 | _aLooks at sole agency marketing and the multi-listing of properties and compares their effectiveness. Suggests sole agency restricts choice and limits exposure. Notes the advantages of the Multiple Listing Service (MLS), which is widely used in the US. Suggests that dot.com companies in the UK have created poor MLS's to date, which simply host property listing information. Predicts such sites will have to improve, and that any that do not add value will soon cease to exist. Warns that those agents who do not become involved in e-business will soon be losing business to agents that do. | ||
| 590 | _aABS | ||
| 650 | _aESTATE AGENTS | ||
| 650 | _aMULTIPLE LISTING | ||
| 650 | _aSOLE AGENCY | ||
| 650 | _aMARKETING | ||
| 650 | _aEBUSINESS | ||
| 650 | _aE-COMMERCE | ||
| 690 | _aINFORMATION TECHNOLOGY-INTERNET | ||
| 942 | _n0 | ||
| 999 |
_c66433 _d66433 |
||